De plantis toxicariis e mundo novo tropicale commentationes IV (Registro nro. 11348)

Detalles MARC
000 -CABECERA
Campo de control 005200000a22001690004500
090 ## - CLASIFICACIÓN LOCAL
Colección AR
Consecutivo 02276
041 0# - IDIOMA
Código de idioma para texto/pista de sonido o título separado
100 1# - ASIENTO PRINCIPAL--NOMBRE PERSONAL
Nombre personal Evans Schultes, Richard
245 10 - MENCION DE TITULO
Título De plantis toxicariis e mundo novo tropicale commentationes IV
650 14 - ASIENTO SECUNDARIO DE MATERIA - TERMINO TEMATICO
Término temático o nombre geográfico como elemento de entrada Etnobotánica
650 14 - ASIENTO SECUNDARIO DE MATERIA - TERMINO TEMATICO
Término temático o nombre geográfico como elemento de entrada Plantas alucinógenas
650 14 - ASIENTO SECUNDARIO DE MATERIA - TERMINO TEMATICO
Término temático o nombre geográfico como elemento de entrada Taxonomía vegetal
650 14 - ASIENTO SECUNDARIO DE MATERIA - TERMINO TEMATICO
Término temático o nombre geográfico como elemento de entrada Toxicología
651 #4 - ASIENTO SECUNDARIO DE MATERIA - NOMBRE GEOGRAFICO
-- Colombia
773 1# - Item fuente:
Título Botanical Museum Leaflets
Especificación de materiales 1203
Descripción física 4
Paginas del Articulo 133-163
Lugar, editorial y fecha de publicación 1969
Información sobre la relación 22
942 ## - ELEMENTOS ADICIONALES (KOHA)
Tipo de ítem Artículo
Existencias
Withdrawn status Lost status Sistema de Clasificación Damaged status No para préstamo Colección Ubicación Permanente Ubicación actual Fecha de adquisición Fuente de Valor Datos de publicación Seriada Total Checkouts Número topográfico Inventario / Código de Barras Date last seen Ejemplar Price effective from Tipo de material
    Dewey Decimal Classification   No para Préstamo Hemeroteca Villa de Leyva Villa de Leyva 27/02/2015 Instituto de Ciencias Naturales Fuera de circulación   AR 02276 012664 25/03/2015 1 25/03/2015 Artículo
    Dewey Decimal Classification   No para Préstamo Hemeroteca Villa de Leyva Villa de Leyva 27/02/2015 Instituto de Ciencias Naturales Fuera de circulación   AR 02276 012665 25/03/2015 2 25/03/2015 Artículo